| 000 | 00723nam a2200253Ia 4500 | ||
|---|---|---|---|
| 003 | OSt | ||
| 005 | 20220926024651.0 | ||
| 006 | a|||||r|||| 00| 0 | ||
| 007 | ta | ||
| 008 | 220923b |||||||| |||| 00| 0 eng d | ||
| 020 |
_a0198248237 _cP 25.00 |
||
| 037 |
_b2577, 25/10/1990, Uppal _cGeneral Book |
||
| 040 |
_aRTL _cRTL _beng |
||
| 041 |
_2eng _aeng |
||
| 082 | _aW:(R), M9 | ||
| 100 | _aCollingwood R G | ||
| 245 | 0 | _aEssays in political philiosphy | |
| 260 |
_aOxford _bCalrendon Press _c1989 |
||
| 300 |
_aviii,237p _ccm. |
||
| 500 | _aAppendix: p 229-234 | ||
| 650 | _aImperialism | ||
| 942 |
_hW:(R), M9 _cGB _2CC |
||
| 999 |
_c645167 _d645167 |
||